[Event "2016 Girls Closed Championship"]
[Site "Manchester, NH"]
[Date "2016.06.28"]
[Round "7.1"]
[White "Nguyen, Emily"]
[Black "Liu, Joanna"]
[Result "1-0"]
[BlackElo "1850"]
[WhiteElo "1944"]
[LiveChessVersion "1.4.8"]

1. d4 {[%clk 1:30:57]} Nf6 {[%clk 1:30:53]} 2. Bg5 {[%clk 1:31:25]} e6
{[%clk 1:31:19]} 3. e4 {[%clk 1:31:53]} h6 {[%clk 1:31:45]} 4. Bxf6
{[%clk 1:32:19]} Qxf6 {[%clk 1:32:12]} 5. c3 {[%clk 1:32:47]} d6 {[%clk 1:32:30]}
6. Bd3 {[%clk 1:33:13]} Nc6 {[%clk 1:32:55]} 7. Ne2 {[%clk 1:33:38]} Bd7
{[%clk 1:33:19]} 8. Nd2 {[%clk 1:33:50]} g5 {[%clk 1:32:32]} 9. O-O
{[%clk 1:32:43]} h5 {[%clk 1:30:05]} 10. f4 {[%clk 1:31:18]} O-O-O
{[%clk 1:25:26]} 11. e5 {[%clk 1:25:35]} Qh6 {[%clk 1:21:27]} 12. b4
{[%clk 1:21:39]} gxf4 {[%clk 1:18:46]} 13. b5 {[%clk 1:20:59]} Nb8
{[%clk 1:10:32]} 14. exd6 {[%clk 1:19:29]} Bxd6 {[%clk 1:10:18]} 15. Nc4
{[%clk 1:16:09]} e5 {[%clk 1:04:09]} 16. Qa4 {[%clk 1:12:44]} Rdg8
{[%clk 0:48:21]} 17. Qxa7 {[%clk 1:05:48]} Bxb5 {[%clk 0:43:00]} 18. Rab1
{[%clk 0:54:06]} Rxg2+ {[%clk 0:34:37]} 19. Kxg2 {[%clk 0:51:19]} Qg5+
{[%clk 0:34:31]} 20. Ng3 {[%clk 0:50:06]} Bc6+ {[%clk 0:34:49]} 21. Kf2
{[%clk 0:48:03]} fxg3+ {[%clk 0:33:21]} 22. hxg3 {[%clk 0:47:58]} e4
{[%clk 0:30:17]} 23. Nxd6+ {[%clk 0:46:09]} cxd6 {[%clk 0:30:42]} 24. Be2
{[%clk 0:43:58]} Rg8 {[%clk 0:26:31]} 25. Ke1 {[%clk 0:41:25]} Qxg3+
{[%clk 0:26:21]} 26. Kd2 {[%clk 0:41:28]} e3+ {[%clk 0:25:36]} 27. Kd1
{[%clk 0:39:25]} Qg6 {[%clk 0:24:30]} 28. Rb2 {[%clk 0:38:24]} h4
{[%clk 0:19:04]} 29. Qa5 {[%clk 0:35:36]} Bg2 {[%clk 0:17:18]} 30. Rf4
{[%clk 0:33:11]} Qe6 {[%clk 0:13:23]} 31. Qh5 {[%clk 0:26:19]} Bc6
{[%clk 0:06:56]} 32. Qxh4 {[%clk 0:21:31]} Ba4+ {[%clk 0:06:41]} 33. Kc1
{[%clk 0:21:08]} Rg1+ {[%clk 0:06:20]} 34. Rf1 {[%clk 0:21:19]} Qg6
{[%clk 0:05:27]} 35. Qh3+ {[%clk 0:19:01]} Nd7 {[%clk 0:05:12]} 36. Qxe3
{[%clk 0:18:56]} Rxf1+ {[%clk 0:05:30]} 37. Bxf1 {[%clk 0:19:24]} Qe6
{[%clk 0:03:43]} 38. Qxe6 {[%clk 0:18:31]} fxe6 {[%clk 0:04:11]} 39. Bh3
{[%clk 0:18:54]} e5 {[%clk 0:04:29]} 40. Bxd7+ {[%clk 0:49:13]} Bxd7
{[%clk 0:34:51]} 41. dxe5 {[%clk 0:49:38]} dxe5 {[%clk 0:35:14]} 42. Re2
{[%clk 0:50:04]} Be6 {[%clk 0:35:22]} 43. Kb2 {[%clk 0:50:27]} Bd5
{[%clk 0:35:37]} 44. Rxe5 {[%clk 0:50:52]} Bc6 {[%clk 0:36:05]} 45. Kb3
{[%clk 0:51:16]} Kc7 {[%clk 0:36:28]} 46. Kb4 {[%clk 0:51:26]} Kb6
{[%clk 0:36:49]} 47. Re6 {[%clk 0:51:52]} Kc7 {[%clk 0:36:59]} 48. a4
{[%clk 0:51:20]} Bd5 {[%clk 0:37:05]} 49. Rh6 {[%clk 0:51:41]} Be4
{[%clk 0:37:26]} 50. a5 {[%clk 0:52:03]} Bc6 {[%clk 0:37:46]} 51. Kc5
{[%clk 0:52:26]} Be4 {[%clk 0:38:02]} 52. a6 {[%clk 0:52:08]} bxa6
{[%clk 0:38:28]} 53. Rxa6 1-0

[Event "2016 Girls Closed Championship"]
[Site "Manchester, NH"]
[Date "2016.06.28"]
[Round "7.2"]
[White "Yip, Carissa"]
[Black "Xiang, Evan"]
[Result "1-0"]
[BlackElo "1806"]
[WhiteElo "2196"]
[LiveChessVersion "1.4.8"]

1. e4 {[%clk 1:30:53]} d5 {[%clk 1:30:55]} 2. exd5 {[%clk 1:31:20]} Qxd5
{[%clk 1:31:22]} 3. Nc3 {[%clk 1:31:41]} Qd6 {[%clk 1:31:47]} 4. d4
{[%clk 1:32:06]} g6 {[%clk 1:32:13]} 5. Nf3 {[%clk 1:32:05]} Bg7 {[%clk 1:32:34]}
6. Nb5 {[%clk 1:31:14]} Qb6 {[%clk 1:32:41]} 7. Bf4 {[%clk 1:31:25]} Na6
{[%clk 1:32:45]} 8. c4 {[%clk 1:29:01]} c6 {[%clk 1:32:57]} 9. c5
{[%clk 1:28:44]} Qa5+ {[%clk 1:31:01]} 10. Nc3 {[%clk 1:28:24]} Nf6
{[%clk 1:26:23]} 11. Bc4 {[%clk 1:27:26]} Nc7 {[%clk 1:22:48]} 12. Qb3
{[%clk 1:19:24]} Ncd5 {[%clk 1:21:40]} 13. Be5 {[%clk 1:13:40]} O-O
{[%clk 1:20:13]} 14. O-O {[%clk 1:12:44]} e6 {[%clk 1:14:35]} 15. Rfe1
{[%clk 1:07:44]} b5 {[%clk 1:08:18]} 16. Bxd5 {[%clk 1:06:53]} Nxd5
{[%clk 1:05:46]} 17. Bd6 {[%clk 1:01:37]} Re8 {[%clk 1:03:27]} 18. Ne5
{[%clk 0:59:32]} Bb7 {[%clk 1:01:16]} 19. a4 {[%clk 0:57:18]} Qb4
{[%clk 0:56:07]} 20. Qxb4 {[%clk 0:48:56]} Nxb4 {[%clk 0:56:33]} 21. axb5
{[%clk 0:49:04]} a6 {[%clk 0:48:46]} 22. bxa6 {[%clk 0:35:26]} Bxa6
{[%clk 0:48:55]} 23. Ra4 {[%clk 0:34:32]} Nd3 {[%clk 0:45:24]} 24. Rea1
{[%clk 0:32:43]} Nxe5 {[%clk 0:39:34]} 25. dxe5 {[%clk 0:33:06]} Bb7
{[%clk 0:39:50]} 26. f4 {[%clk 0:28:34]} f6 {[%clk 0:35:57]} 27. Ra7
{[%clk 0:26:38]} g5 {[%clk 0:34:15]} 28. R1a3 {[%clk 0:26:15]} Rxa7
{[%clk 0:26:48]} 29. Rxa7 {[%clk 0:26:28]} Bc8 {[%clk 0:27:01]} 30. Ne4
{[%clk 0:25:41]} fxe5 {[%clk 0:26:24]} 31. fxe5 {[%clk 0:25:04]} Rd8
{[%clk 0:25:32]} 32. Nxg5 {[%clk 0:24:20]} h6 {[%clk 0:24:48]} 33. Ne4
{[%clk 0:24:38]} Rd7 {[%clk 0:25:02]} 34. Ra8 {[%clk 0:23:57]} Rd8
{[%clk 0:25:26]} 35. Nc3 {[%clk 0:21:27]} Kf7 {[%clk 0:25:19]} 36. Na4
{[%clk 0:21:40]} Ke8 {[%clk 0:20:24]} 37. Nb6 {[%clk 0:21:35]} Bd7
{[%clk 0:19:49]} 38. Ra7 {[%clk 0:21:55]} Bh8 {[%clk 0:18:01]} 39. Bc7
{[%clk 0:21:59]} Bc8 {[%clk 0:17:44]} 40. Bxd8 {[%clk 0:52:22]} Kxd8
{[%clk 0:47:32]} 41. Ra8 {[%clk 0:52:46]} Bxe5 {[%clk 0:47:40]} 42. Rxc8+
{[%clk 0:53:11]} Ke7 {[%clk 0:48:07]} 43. Rxc6 {[%clk 0:53:32]} Bxb2
{[%clk 0:48:25]} 44. Rc7+ {[%clk 0:53:54]} Kd8 {[%clk 0:48:38]} 45. Rd7+
{[%clk 0:54:19]} Ke8 {[%clk 0:49:03]} 46. c6 {[%clk 0:54:43]} Bc1
{[%clk 0:48:54]} 47. c7 {[%clk 0:54:57]} Be3+ {[%clk 0:49:21]} 48. Kf1
{[%clk 0:55:23]} Bxb6 {[%clk 0:49:48]} 49. c8=Q+ {[%clk 0:55:48]} Bd8
{[%clk 0:50:14]} 50. Qxd8# {[%clk 0:56:13]} 1-0

[Event "2016 Girls Closed Championship"]
[Site "Manchester, NH"]
[Date "2016.06.28"]
[Round "7.3"]
[White "Dong, Alice"]
[Black "Bykovtsev, Agata"]
[Result "0-1"]
[BlackElo "2158"]
[WhiteElo "1953"]
[LiveChessVersion "1.4.8"]

1. e4 {[%clk 1:30:52]} c5 {[%clk 1:30:57]} 2. Nf3 {[%clk 1:31:12]} d6
{[%clk 1:31:24]} 3. d4 {[%clk 1:31:36]} cxd4 {[%clk 1:31:50]} 4. Nxd4
{[%clk 1:32:01]} Nf6 {[%clk 1:32:16]} 5. Nc3 {[%clk 1:32:27]} a6 {[%clk 1:32:41]}
6. h3 {[%clk 1:32:40]} e6 {[%clk 1:33:06]} 7. g4 {[%clk 1:33:05]} Be7
{[%clk 1:33:26]} 8. Bg2 {[%clk 1:33:30]} Nfd7 {[%clk 1:33:50]} 9. O-O
{[%clk 1:33:44]} Nc6 {[%clk 1:34:16]} 10. Nce2 {[%clk 1:33:59]} Nxd4
{[%clk 1:33:18]} 11. Nxd4 {[%clk 1:34:15]} h5 {[%clk 1:31:56]} 12. gxh5
{[%clk 1:21:02]} Nf6 {[%clk 1:32:19]} 13. h6 {[%clk 1:17:17]} gxh6
{[%clk 1:32:47]} 14. Ne2 {[%clk 1:14:10]} Qc7 {[%clk 1:29:09]} 15. b3
{[%clk 1:11:15]} Bd7 {[%clk 1:27:05]} 16. c4 {[%clk 1:06:26]} O-O-O
{[%clk 1:20:55]} 17. Be3 {[%clk 1:02:16]} Bc6 {[%clk 1:18:31]} 18. f3
{[%clk 0:59:54]} Rhg8 {[%clk 1:12:43]} 19. b4 {[%clk 0:58:24]} d5
{[%clk 1:10:21]} 20. exd5 {[%clk 0:55:11]} exd5 {[%clk 1:10:37]} 21. Qc2
{[%clk 0:53:30]} dxc4 {[%clk 1:00:49]} 22. Qxc4 {[%clk 0:49:35]} Nd5
{[%clk 0:57:26]} 23. Bc5 {[%clk 0:44:27]} Bxc5+ 24. Qxc5 Qe5 25. Nd4 Rxg2+ 26.
Kxg2 Nf4+ 27. Kh2 Qxd4 28. Qf5+ Kb8 29. Rad1 Qb2+ 30. Kg3 Ne2+ 31. Kg4 Qxb4+ 32.
f4 Rg8+ 0-1

[Event "2016 Girls Closed Championship"]
[Site "Manchester, NH"]
[Date "2016.06.28"]
[Round "7.4"]
[White "Yu, Jennifer"]
[Black "Wang, Annie"]
[Result "0-1"]
[BlackElo "2061"]
[WhiteElo "2187"]
[LiveChessVersion "1.4.8"]

1. c4 {[%clk 1:30:55]} e5 {[%clk 1:30:54]} 2. Nc3 {[%clk 1:31:17]} Nf6
{[%clk 1:31:18]} 3. Nf3 {[%clk 1:31:33]} Nc6 {[%clk 1:31:35]} 4. g3
{[%clk 1:31:46]} Bb4 {[%clk 1:31:46]} 5. Bg2 {[%clk 1:30:08]} O-O
{[%clk 1:32:01]} 6. O-O {[%clk 1:29:17]} e4 {[%clk 1:32:17]} 7. Ng5
{[%clk 1:25:47]} Bxc3 {[%clk 1:32:33]} 8. bxc3 {[%clk 1:20:04]} Re8
{[%clk 1:30:20]} 9. d3 {[%clk 1:19:39]} exd3 {[%clk 1:22:22]} 10. exd3
{[%clk 1:19:38]} d6 {[%clk 1:15:48]} 11. Rb1 {[%clk 1:13:06]} Ne5
{[%clk 1:06:47]} 12. f4 {[%clk 0:58:03]} Ng6 {[%clk 0:56:12]} 13. Ne4
{[%clk 0:50:13]} h6 {[%clk 0:39:32]} 14. Be3 {[%clk 0:45:25]} Ng4
{[%clk 0:33:23]} 15. Bd2 {[%clk 0:43:43]} f5 {[%clk 0:31:12]} 16. Nf2
{[%clk 0:42:45]} Nxf2 {[%clk 0:29:54]} 17. Rxf2 {[%clk 0:41:19]} c6
{[%clk 0:29:50]} 18. Qh5 {[%clk 0:36:56]} Qf6 {[%clk 0:27:16]} 19. g4
{[%clk 0:28:29]} Re7 {[%clk 0:22:07]} 20. g5 {[%clk 0:23:43]} hxg5
{[%clk 0:22:26]} 21. fxg5 {[%clk 0:24:07]} Qf7 {[%clk 0:22:43]} 22. Re2
{[%clk 0:22:42]} Rxe2 {[%clk 0:19:33]} 23. Qxe2 {[%clk 0:23:09]} Be6
{[%clk 0:19:09]} 24. Re1 {[%clk 0:18:39]} Re8 {[%clk 0:19:10]} 25. Qf2
{[%clk 0:19:02]} f4 {[%clk 0:18:12]} 26. Rf1 {[%clk 0:12:44]} Rf8
{[%clk 0:16:13]} 27. Qd4 {[%clk 0:11:06]} Bg4 {[%clk 0:13:01]} 28. Rf2
{[%clk 0:06:52]} Qf5 {[%clk 0:11:00]} 29. Qxd6 {[%clk 0:04:15]} Qxg5
{[%clk 0:10:20]} 30. h4 {[%clk 0:03:19]} Qh6 {[%clk 0:05:23]} 31. Be4
{[%clk 0:03:02]} Rf6 {[%clk 0:04:38]} 32. Qb8+ {[%clk 0:02:47]} Rf8
{[%clk 0:04:31]} 33. Qd6 {[%clk 0:02:54]} Bf5 {[%clk 0:02:50]} 34. Bxf4
{[%clk 0:02:08]} Qh5 {[%clk 0:02:10]} 35. Bxf5 {[%clk 0:01:40]} Rxf5
{[%clk 0:02:10]} 36. Bg3 {[%clk 0:01:29]} Qd1+ {[%clk 0:01:40]} 37. Kh2
{[%clk 0:01:29]} Rxf2+ {[%clk 0:01:18]} 38. Bxf2 {[%clk 0:01:58]} Kh7
{[%clk 0:01:15]} 39. Qd4 {[%clk 0:02:03]} Qe2 {[%clk 0:01:03]} 40. a4
{[%clk 0:31:24]} Kh8 {[%clk 0:30:52]} 41. Qd8+ {[%clk 0:14:15]} Kh7
{[%clk 0:31:13]} 42. Qd4 {[%clk 0:14:40]} a6 {[%clk 0:23:28]} 43. Kg3
{[%clk 0:11:23]} Ne5 {[%clk 0:16:01]} 44. Qe4+ {[%clk 0:07:58]} Qxe4
{[%clk 0:16:23]} 45. dxe4 {[%clk 0:08:26]} Nxc4 {[%clk 0:16:39]} 46. Kf3
{[%clk 0:07:20]} b5 {[%clk 0:15:47]} 47. axb5 {[%clk 0:07:08]} cxb5
{[%clk 0:16:09]} 48. Ke2 {[%clk 0:07:34]} a5 {[%clk 0:15:31]} 49. Kd3
{[%clk 0:07:14]} a4 {[%clk 0:14:56]} 50. Kc2 {[%clk 0:07:35]} Kh6
{[%clk 0:11:55]} 51. Bd4 {[%clk 0:06:12]} g5 {[%clk 0:09:59]} 52. hxg5+
{[%clk 0:06:04]} Kxg5 {[%clk 0:10:22]} 53. Bh8 {[%clk 0:03:00]} Kf4
{[%clk 0:10:27]} 54. e5 {[%clk 0:03:22]} Kf5 {[%clk 0:09:58]} 55. Kb1
{[%clk 0:03:10]} Nxe5 {[%clk 0:09:42]} 56. Ka2 {[%clk 0:03:27]} Nc4
{[%clk 0:09:22]} 57. Bg7 {[%clk 0:03:33]} Ke4 {[%clk 0:09:19]} 58. Bh8
{[%clk 0:03:30]} Kd3 {[%clk 0:08:52]} 59. Bg7 {[%clk 0:03:26]} Ne3
{[%clk 0:07:41]} 60. Kb2 {[%clk 0:01:26]} Nd1+ {[%clk 0:06:41]} 61. Ka3
{[%clk 0:01:25]} Kc4 {[%clk 0:06:49]} 62. Bf8 {[%clk 0:01:24]} Nxc3
{[%clk 0:06:40]} 63. Be7 {[%clk 0:01:35]} Nd5 {[%clk 0:06:43]} 64. Bf8
{[%clk 0:01:40]} Ne3 {[%clk 0:06:59]} 65. Be7 {[%clk 0:01:24]} Nc2+
{[%clk 0:07:14]} 66. Kb2 {[%clk 0:01:42]} Nb4 {[%clk 0:07:23]} 67. Bf8
{[%clk 0:01:28]} Na6 {[%clk 0:07:44]} 68. Ka3 {[%clk 0:01:30]} Nc5
{[%clk 0:08:08]} 69. Bg7 {[%clk 0:01:31]} b4+ {[%clk 0:08:09]} 70. Ka2
{[%clk 0:01:58]} Kd3 {[%clk 0:07:30]} 71. Bf8 {[%clk 0:01:51]} Kc2
{[%clk 0:06:01]} 72. Bg7 {[%clk 0:01:44]} Nd3 {[%clk 0:05:45]} 73. Bf6
{[%clk 0:00:54]} a3 {[%clk 0:05:32]} 74. Bg7 {[%clk 0:00:36]} Nc1+
{[%clk 0:05:40]} 75. Ka1 {[%clk 0:00:56]} b3 {[%clk 0:05:47]} 0-1

[Event "2016 Girls Closed Championship"]
[Site "Manchester, NH"]
[Date "2016.06.28"]
[Round "7.5"]
[White "Feng, Maggie"]
[Black "Virkud, Apurva"]
[Result "1/2-1/2"]
[BlackElo "1913"]
[WhiteElo "2227"]
[LiveChessVersion "1.4.8"]

1. e4 {[%clk 1:30:57]} c5 {[%clk 1:30:51]} 2. Nc3 {[%clk 1:31:15]} d6
{[%clk 1:31:00]} 3. f4 {[%clk 1:31:33]} Nc6 {[%clk 1:31:11]} 4. Nf3
{[%clk 1:31:43]} g6 {[%clk 1:30:48]} 5. Bc4 {[%clk 1:31:58]} Bg7 {[%clk 1:29:35]}
6. O-O {[%clk 1:32:10]} e6 {[%clk 1:27:53]} 7. d3 {[%clk 1:32:21]} Nge7
{[%clk 1:27:28]} 8. Qe1 {[%clk 1:32:29]} O-O {[%clk 1:24:40]} 9. f5
{[%clk 1:32:33]} exf5 {[%clk 1:18:58]} 10. Qh4 {[%clk 1:32:45]} h5
{[%clk 1:10:02]} 11. Bg5 {[%clk 1:31:59]} Qd7 {[%clk 1:03:26]} 12. Bf6
{[%clk 1:15:55]} a6 {[%clk 0:53:32]} 13. a4 {[%clk 1:06:26]} b6 {[%clk 0:46:14]}
14. Rae1 {[%clk 0:59:28]} Rb8 {[%clk 0:40:03]} 15. Bd5 {[%clk 0:29:16]} Bxf6
{[%clk 0:24:11]} 16. Qxf6 {[%clk 0:29:29]} Nxd5 {[%clk 0:24:13]} 17. Nxd5
{[%clk 0:29:20]} Qe6 {[%clk 0:23:13]} 18. Qc3 {[%clk 0:29:25]} f6
{[%clk 0:21:11]} 19. Nf4 {[%clk 0:23:47]} Qf7 {[%clk 0:18:52]} 20. exf5
{[%clk 0:23:46]} Bxf5 {[%clk 0:16:13]} 21. Nh4 {[%clk 0:23:52]} Ne5
{[%clk 0:14:51]} 22. Nxh5 {[%clk 0:21:33]} Qh7 {[%clk 0:12:19]} 23. Nxf5
{[%clk 0:21:39]} Qxh5 {[%clk 0:11:55]} 24. Nxd6 {[%clk 0:21:34]} Qh4
{[%clk 0:07:53]} 25. Ne4 {[%clk 0:19:52]} Rbe8 {[%clk 0:06:37]} 26. Re3
{[%clk 0:16:37]} f5 {[%clk 0:05:36]} 27. Rh3 {[%clk 0:11:59]} Qd8
{[%clk 0:05:28]} 28. Nf2 {[%clk 0:10:36]} Qd4 {[%clk 0:05:31]} 29. Qb3+
{[%clk 0:10:17]} Kg7 {[%clk 0:05:06]} 30. Qxb6 {[%clk 0:07:58]} Rf7
{[%clk 0:05:16]} 31. c3 {[%clk 0:08:02]} Qd5 {[%clk 0:05:17]} 32. d4
{[%clk 0:06:01]} Nc4 {[%clk 0:04:52]} 33. Qxc5 {[%clk 0:05:24]} Qxc5
{[%clk 0:04:59]} 34. dxc5 {[%clk 0:05:49]} Nxb2 {[%clk 0:05:17]} 35. Nd3
{[%clk 0:04:22]} Nxa4 {[%clk 0:04:28]} 36. Ra1 {[%clk 0:04:29]} Nxc3
{[%clk 0:04:23]} 37. Rxa6 {[%clk 0:04:54]} Rb7 {[%clk 0:04:18]} 38. Ra1
{[%clk 0:04:15]} Ne2+ {[%clk 0:03:49]} 39. Kf2 {[%clk 0:04:33]} Nd4
{[%clk 0:03:55]} 40. Re1 {[%clk 0:34:05]} Ra8 {[%clk 0:32:17]} 41. Rc1
{[%clk 0:20:47]} 1/2-1/2

[Event "2016 Girls Closed Championship"]
[Site "Manchester, NH"]
[Date "2016.06.29"]
[Round "8.1"]
[White "Liu, Joanna"]
[Black "Virkud, Apurva"]
[Result "1-0"]
[BlackElo "1913"]
[WhiteElo "1850"]
[LiveChessVersion "1.4.8"]

1. d4 {[%clk 1:30:59]} d5 {[%clk 1:30:53]} 2. c4 {[%clk 1:31:24]} e6
{[%clk 1:31:19]} 3. Nc3 {[%clk 1:31:50]} Nf6 {[%clk 1:31:43]} 4. cxd5
{[%clk 1:32:16]} exd5 {[%clk 1:32:06]} 5. Bg5 {[%clk 1:32:40]} Be7
{[%clk 1:32:31]} 6. e3 {[%clk 1:33:06]} c6 {[%clk 1:32:56]} 7. Bd3
{[%clk 1:33:16]} Nbd7 {[%clk 1:33:24]} 8. Qc2 {[%clk 1:33:40]} O-O
{[%clk 1:33:39]} 9. Nf3 {[%clk 1:34:05]} Re8 {[%clk 1:33:58]} 10. O-O
{[%clk 1:34:30]} Nf8 {[%clk 1:34:22]} 11. a3 {[%clk 1:34:54]} g6 {[%clk 1:34:17]}
12. b4 {[%clk 1:34:59]} a6 {[%clk 1:34:08]} 13. Rab1 {[%clk 1:33:58]} Ne6
{[%clk 1:33:21]} 14. Bxf6 {[%clk 1:33:46]} Bxf6 {[%clk 1:33:25]} 15. a4
{[%clk 1:32:21]} a5 {[%clk 1:24:11]} 16. b5 {[%clk 1:28:15]} c5 {[%clk 1:21:23]}
17. dxc5 {[%clk 1:27:12]} Nxc5 {[%clk 1:20:33]} 18. Ra1 {[%clk 1:21:27]} Bg4
{[%clk 1:04:43]} 19. Nd4 {[%clk 1:16:20]} Rc8 {[%clk 1:00:10]} 20. h3
{[%clk 1:11:24]} Be6 {[%clk 0:57:29]} 21. Nce2 {[%clk 1:07:18]} Ne4
{[%clk 0:53:06]} 22. Qd1 {[%clk 1:02:23]} Nc3 {[%clk 0:47:39]} 23. Qd2
{[%clk 1:00:02]} Nxe2+ {[%clk 0:45:21]} 24. Bxe2 {[%clk 1:00:11]} Bf5
{[%clk 0:32:05]} 25. Rac1 Rxc1 26. Rxc1 Be4 27. Nb3 Be5 28. Bd3 Bxd3 29. Qxd3 Bb8
30. Qc3 Qd6 31. g3 Qe6 32. Kh2 Qf5 33. Qc2 Qf3 34. Nd4 Qf6 35. Kg2 Be5 36. Rd1
Rd8 37. Nf3 Bb8 38. Qc5 b6 39. Qc6 Qe6 40. Rc1 Qe4 41. Qxb6 Re8 42. Qxa5 h5 43.
Qd2 Qxa4 44. Qxd5 Qa3 45. Qc6 Qe7 46. Rd1 Rf8 47. b6 Qb4 48. b7 Qa5 49. Rd5 Qa2
50. Ne5 Qb1 51. Rb5 Qe1 52. Nxg6 Bxg3 53. Ne7+ 1-0

[Event "2016 Girls Closed Championship"]
[Site "Manchester, NH"]
[Date "2016.06.29"]
[Round "8.2"]
[White "Wang, Annie"]
[Black "Feng, Maggie"]
[Result "0-1"]
[BlackElo "2227"]
[WhiteElo "2061"]
[LiveChessVersion "1.4.8"]

1. d4 {[%clk 1:30:57]} e6 {[%clk 1:30:49]} 2. c4 {[%clk 1:31:20]} Bb4+
{[%clk 1:31:12]} 3. Bd2 {[%clk 1:31:10]} a5 {[%clk 1:31:32]} 4. g3
{[%clk 1:30:10]} d6 {[%clk 1:29:59]} 5. Nf3 {[%clk 1:28:37]} Nf6 {[%clk 1:30:02]}
6. Bg2 {[%clk 1:28:47]} Nbd7 {[%clk 1:30:16]} 7. O-O {[%clk 1:28:28]} e5
{[%clk 1:30:39]} 8. dxe5 {[%clk 1:28:40]} dxe5 {[%clk 1:28:24]} 9. Qc2
{[%clk 1:26:32]} Bxd2 {[%clk 1:20:58]} 10. Nbxd2 {[%clk 1:23:22]} Qe7
{[%clk 1:20:28]} 11. e4 {[%clk 1:10:01]} O-O {[%clk 1:20:20]} 12. Rad1
{[%clk 1:08:56]} Nc5 {[%clk 1:15:27]} 13. Rfe1 {[%clk 1:06:14]} b6
{[%clk 1:05:43]} 14. Nb1 {[%clk 1:00:02]} Bg4 {[%clk 1:01:50]} 15. Nc3
{[%clk 0:51:19]} c6 {[%clk 1:01:44]} 16. Rd2 {[%clk 0:47:25]} Bxf3
{[%clk 1:00:31]} 17. Bxf3 {[%clk 0:46:31]} Rfd8 {[%clk 1:00:32]} 18. Red1
{[%clk 0:44:19]} Ne6 {[%clk 0:58:28]} 19. Bg2 {[%clk 0:35:55]} Rxd2
{[%clk 0:54:54]} 20. Rxd2 {[%clk 0:31:02]} Rd8 {[%clk 0:54:10]} 21. Qd1
{[%clk 0:22:58]} Rxd2 {[%clk 0:45:09]} 22. Qxd2 {[%clk 0:23:19]} Nd4
{[%clk 0:45:16]} 23. Ne2 {[%clk 0:18:24]} Qb4 {[%clk 0:35:38]} 24. Qxb4
{[%clk 0:07:16]} Nxe2+ {[%clk 0:34:49]} 25. Kf1 {[%clk 0:07:39]} Nxg3+
{[%clk 0:35:10]} 26. fxg3 {[%clk 0:07:41]} axb4 {[%clk 0:35:31]} 27. Ke2
{[%clk 0:07:17]} c5 {[%clk 0:35:21]} 28. Kd3 {[%clk 0:05:40]} Kf8
{[%clk 0:35:21]} 29. Bf3 {[%clk 0:05:19]} Ne8 {[%clk 0:34:29]} 30. Bg4
{[%clk 0:04:24]} Ke7 {[%clk 0:31:21]} 31. Bh3 {[%clk 0:04:08]} Nc7
{[%clk 0:30:54]} 32. Ke3 {[%clk 0:03:23]} Ne6 {[%clk 0:30:21]} 33. Bg4
{[%clk 0:02:43]} Nd4 {[%clk 0:30:19]} 34. Bd1 {[%clk 0:03:03]} g6
{[%clk 0:28:15]} 35. g4 {[%clk 0:03:11]} Kf6 {[%clk 0:23:10]} 36. h4
{[%clk 0:03:03]} Ke7 {[%clk 0:21:09]} 37. h5 {[%clk 0:01:40]} gxh5
{[%clk 0:19:13]} 38. gxh5 {[%clk 0:01:53]} Kf6 {[%clk 0:18:04]} 39. Kd2
{[%clk 0:01:48]} Kg5 {[%clk 0:16:55]} 40. Ke3 {[%clk 0:31:39]} Ne6
{[%clk 0:44:57]} 41. Kf3 {[%clk 0:26:57]} Kxh5 {[%clk 0:43:53]} 42. Kg3+
{[%clk 0:26:42]} Kg5 {[%clk 0:44:15]} 43. Bg4 {[%clk 0:26:05]} Nd4
{[%clk 0:43:54]} 44. Bd7 {[%clk 0:22:23]} h5 {[%clk 0:43:37]} 45. Bc8
{[%clk 0:22:17]} h4+ {[%clk 0:43:04]} 46. Kh3 {[%clk 0:22:03]} f5
{[%clk 0:42:47]} 47. exf5 {[%clk 0:21:22]} Nxf5 {[%clk 0:43:10]} 48. Bb7
{[%clk 0:20:46]} Kf4 {[%clk 0:43:25]} 49. Bg2 {[%clk 0:20:27]} e4
{[%clk 0:43:12]} 50. Bf1 {[%clk 0:20:29]} e3 {[%clk 0:43:06]} 51. Bd3
{[%clk 0:20:04]} Nd4 {[%clk 0:42:23]} 52. Kg2 {[%clk 0:19:51]} e2
{[%clk 0:42:08]} 53. Kf2 {[%clk 0:19:54]} h3 {[%clk 0:42:31]} 0-1

[Event "2016 Girls Closed Championship"]
[Site "Manchester, NH"]
[Date "2016.06.29"]
[Round "8.3"]
[White "Bykovtsev, Agata"]
[Black "Yu, Jennifer"]
[Result "1-0"]
[BlackElo "2187"]
[WhiteElo "2158"]
[LiveChessVersion "1.4.8"]

1. e4 c5 2. Nf3 d6 3. Nc3 Nf6 4. d4 cxd4 5. Nxd4 a6 6. Bc4 e6 7. O-O b5 8. Bb3
Be7 9. Qf3 Qb6 10. Be3 Qb7 11. Qg3 Nbd7 12. Rad1 b4 13. Nf5 bxc3 14. Nxe7 Qxe4
15. Bd4 Kxe7 16. Rfe1 Qc6 17. Qxg7 Ne5 18. Rxe5 dxe5 19. Bxe5 Ne4 20. Qxh8 Bb7
21. Qg7 cxb2 22. Bxb2 Qc5 23. Bd4 Qf5 24. Bb6 Rc8 25. Qd4 Bd5 26. c4 Nxf2 27.
Qxf2 Bxc4 28. Qh4+ Qf6 29. Qxf6+ Kxf6 30. Rc1 Rb8 31. Bc7 Rc8 32. Rxc4 1-0

[Event "2016 Girls Closed Championship"]
[Site "Manchester, NH"]
[Date "2016.06.29"]
[Round "8.4"]
[White "Xiang, Evan"]
[Black "Dong, Alice"]
[Result "1-0"]
[BlackElo "1953"]
[WhiteElo "1806"]
[LiveChessVersion "1.4.8"]

1. d4 {[%clk 1:30:58]} Nf6 {[%clk 1:30:47]} 2. Bf4 {[%clk 1:31:23]} e6
{[%clk 1:30:33]} 3. Nf3 {[%clk 1:31:47]} d6 {[%clk 1:30:19]} 4. e3
{[%clk 1:32:10]} Nbd7 {[%clk 1:30:24]} 5. c4 {[%clk 1:31:18]} Qe7
{[%clk 1:27:31]} 6. Nc3 {[%clk 1:28:50]} a6 {[%clk 1:25:40]} 7. Be2
{[%clk 1:25:24]} g6 {[%clk 1:24:27]} 8. Qa4 {[%clk 1:22:43]} Bg7 {[%clk 1:16:28]}
9. h3 {[%clk 1:21:41]} O-O {[%clk 1:16:42]} 10. O-O {[%clk 1:21:13]} h6
{[%clk 1:15:56]} 11. Rfd1 {[%clk 1:18:01]} Nh5 {[%clk 1:13:08]} 12. Bh2
{[%clk 1:18:21]} f5 {[%clk 1:12:54]} 13. b4 {[%clk 1:10:27]} g5 {[%clk 1:10:51]}
14. Nh4 {[%clk 1:05:30]} Qf7 {[%clk 1:08:12]} 15. Nf3 {[%clk 0:59:07]} Kh8
{[%clk 1:05:21]} 16. Ne1 {[%clk 0:54:26]} e5 {[%clk 1:00:16]} 17. Qc2
{[%clk 0:52:33]} f4 {[%clk 0:57:06]} 18. Nf3 {[%clk 0:43:06]} fxe3
{[%clk 0:56:02]} 19. fxe3 {[%clk 0:43:23]} exd4 {[%clk 0:56:00]} 20. exd4
{[%clk 0:43:13]} Nb6 {[%clk 0:55:08]} 21. c5 {[%clk 0:39:37]} dxc5
{[%clk 0:54:31]} 22. bxc5 {[%clk 0:38:46]} Nc4 {[%clk 0:53:55]} 23. Bxc4
{[%clk 0:36:37]} Qxc4 {[%clk 0:54:20]} 24. Ne5 {[%clk 0:36:57]} Bf5 25. Qxf5 Qxc3
26. Ng6+ Kg8 27. Nxf8 Rxf8 28. Qe6+ Kh7 29. Qe4+ Kg8 30. Rac1 Qb2 31. Qc2 Bxd4+
32. Kh1 Qxc2 33. Rxc2 Bg7 34. Bxc7 Nf4 35. Bd6 Re8 36. Rb1 Nd5 37. Rd2 Nc3 38.
Rxb7 Re1+ 39. Kh2 Ne4 40. Rb8+ Kh7 41. Re8 Bc3 42. Rc2 Bd4 43. g4 Bg1+ 44. Kg2
Bd4 45. Rxe4 Rxe4 46. c6 Re8 47. c7 Rc8 48. Rc6 a5 49. Ra6 Kg7 50. Rxa5 Bb6 51.
Rb5 Bxc7 52. Rb7 Kf6 53. Rxc7 Ra8 54. a3 Ra6 55. Bb4 Ke5 56. Re7+ Kd5 57. Rd7+
Ke5 58. Rd6 1-0